000 00542nam a2200193 a 4500
001 000010816
005 20250520113501.0
008 091012s1950 dr 000 spa d
040 _aDO-SdBNP
_bspa
_cBNPHU
082 _a200.1
_bG277p
100 1 _aGautier, Miguel Angel
_926130
245 1 0 _aPlaticas doctrinarias /
_cMiguel Angel Gautier.
260 _aCiudad Trujillo :
_bDominicana,
_c1950.
300 _a154 p. ;
_c22 cm.
650 0 _aFilosofĂ­a
_9813
650 0 _aIdeologĂ­a
_99534
650 0 _aPensamiento
_922995
049 _aBNPD
999 _c10565
_d10565